000 01044cam a22003257i 4500
005 20230719144027.0
008 131021s2014 inua 001 0 eng
010 _a 2013952805
020 _a9780789750921
020 _a0789750929
040 _aDLC
_beng
_erda
_cDLC
_dDLC
082 _a005.45
_bSAL-O
100 1 _aSalt, Simon,
245 1 0 _aOut of office /
_cSimon Salt.
246 1 4 _aOut of office :
_bhow to work from home, telecommute or workshift successfully.
264 1 _aIndianapolis, Indiana USA :
_bQUE,
_c[2014]
300 _a194 pages :
_billustrations ;
_c23 cm
336 _atext
_btxt
_2rdacontent
337 _aunmediated
_bn
_2rdamedia
338 _avolume
_bnc
_2rdacarrier
500 _aMinimal Level Cataloging Plus.
_5DLC
504 _aIncludes index.
650 0 _aHome offices.
650 0 _aTelecommuting.
650 0 _aTime management.
906 _a7
_bcbc
_corignew
_d4
_eepcn
_f20
_gy-gencatlg
999 _c33065
_d33065